000
00206nam a22000977a 4500
999
_c
12558
_d
12558
020
_a
9780134495705
082
_a
378.198
100
_a
Stark, Mary C
245
_a
Strategies for College Success
942
_c
BK